Countries The Beatles Performed In Map - Statistics

General Stats
  • This quiz has been taken 136 times
  • The average score is 15 of 16
Answers on the Map
Answers color-coded by a green-red scale on the quiz's map according to % correct below.
 
Answer Stats
Country % Correct
France
100%
United Kingdom
100%
Canada
99%
Germany
99%
Spain
99%
United States
99%
Italy
98%
Australia
96%
Ireland
96%
Japan
96%
New Zealand
89%
Netherlands
88%
Sweden
87%
China (Hong Kong)
83%
Denmark
83%
Philippines
50%
No matching quizzes found
Score Distribution
Percent of People with Each Score
Percentile by Number Answered
Your Score History
You have not taken this quiz